Statistics for Kenny G Charting Songs (Billboard Hot 100)

Click here to take the quiz!

General Stats

  • This quiz has been taken 3 times
  • The average score is 3 of 12

Answer Stats

AlbumWeeks OnPeakArtist(s)Song% Correct
Silhouette17 Weeks#13Kenny GSilhouette
100%
The Moment14 Weeks#63Kenny GThe Moment
67%
Duotones22 Weeks#4Kenny GSongbird
33%
Breathless23 Weeks#18Kenny GForever in Love
33%
Breathless20 Weeks#25Kenny G with Peabo BrysonBy the Time This Night Is Over
33%
JESUS IS GOD1 Week#37Kanye West ft. Clipse & Kenny GUse This Gospel
33%
Kenny G Live7 Weeks#56Kenny GGoing Home
33%
Faith: A Holiday Album5 Weeks#7Kenny GAuld Lang Syne
0%
Duotones19 Weeks#15Kenny G ft. Lenny WilliamsDon't Make Me Wait For Love
0%
Silhouette9 Weeks#47Kenny GWe've Saved the Best for Last
0%
The Moment19 Weeks#66Kenny GHavana
0%
Breathless10 Weeks#72Kenny GSentimental
0%

Score Distribution

Percentile by Number Answered

Percent of People with Each Score

Your Score History

You have not taken this quiz